| 000 | 00000nam 2200000za 4500 |
| 001 | 9.697390 |
| 003 | CaOODSP |
| 005 | 20250506145324 |
| 007 | cr ||||||||||| |
| 008 | 150407|1967||||xxc|||||o f|0| 0 eng d |
| 040 | |aCaOODSP|beng |
| 043 | |an-cn--- |
| 086 | 1 |aA43-1008/1967E-PDF |
| 110 | 1 |aCanada.|bAgriculture Canada. |
| 245 | 10|aDiseases of field crops in the Prairie provinces / |h[electronic resource]|crevised by W.C. McDonald, Research Station, Canada Department of Agriculture, Winnipeg, Manitoba ; with contributions from plant pathologists at Winnipeg and Morden, Manitoba, Saskatoon, Saskatchewan, and Edmonton, Lacombe and Lethbridge, Alberta. |
| 260 | |aOttawa - Ontario : |bAgriculture Canada |cRevised 1967. |
| 300 | |a108p.|bphotographs, index |
| 500 | |aHistorical publication digitized by Agriculture and Agri-Food Canada. |
| 590 | |a13-17-Supp|b2013-07-25 |
| 690 | 07|aPlant diseases|2gcpds |
| 690 | 07|aCrops|2gcpds |
| 795 | |tDiseases of field crops in the Prairie provinces / |w(CaOODSP)9.697389 |
| 856 | 40|ahttp://publications.gc.ca|qPDF|s10.08 MB|uhttps://publications.gc.ca/collections/collection_2013/aac-aafc/agrhist/A43-1008-1967-eng.pdf |
| 986 | |a1008 |